| 000 | 00397pam a2200157a 44500 | ||
|---|---|---|---|
| 008 | 230515b1967 xxu||||| |||| 00| 0 eng d | ||
| 020 | _aNULL | ||
| 041 | _aENGL | ||
| 082 | _a306.70 03 APT | ||
| 100 | _a"APTE N.G.," | ||
| 245 | _aMAHARASHTRA RAJYA GRAM -SUCHI | ||
| 250 | _a0 | ||
| 260 |
_aPUNE _bTILAK MAHARASHTRA VIDYAPEETH _c1967 |
||
| 300 | _aNULL | ||
| 650 | _a"SOCIAL SCIENCE,GRAM SUCHI" | ||
| 999 |
_c538921 _d538921 |
||